Catálogo público

Incidencia en los factores ambientales en el cultivo de jatropha curcas L. en el Norte de Yucatán / (Record no. 220168)

MARC details
000 -CABECERA
campo de control de longitud fija 03822nam a22003377a 4500
003 - IDENTIFICADOR DEL NÚMERO DE CONTROL
campo de control OSt
005 - FECHA Y HORA DE LA ÚLTIMA TRANSACCIÓN
campo de control 20240918094358.0
007 - CAMPO FIJO DE DESCRIPCIÓN FÍSICA--INFORMACIÓN GENERAL
campo de control de longitud fija cr ||||||a|c|a
008 - DATOS DE LONGITUD FIJA--INFORMACIÓN GENERAL
campo de control de longitud fija 240917s2024 mx a|||fom||| 001 0 spa d
040 ## - FUENTE DE LA CATALOGACIÓN
Normas de descripción rda
100 1# - ENTRADA PRINCIPAL--NOMBRE DE PERSONA
Nombre de persona Bravo Calderón, Iván Alberto
9 (RLIN) 189614
245 10 - MENCIÓN DE TÍTULO
Título Incidencia en los factores ambientales en el cultivo de jatropha curcas L. en el Norte de Yucatán /
Mención de responsabilidad, etc. por Iván Alberto Bravo Calderón; director de tesis Erik Acuayte Valdés; secretario Alejandro F. Barrientos Priego; vocal Claudio Arturo Pérez Mercado; suplente Azucena Sierra García; suplente Juan Ayala Arreola.
264 #1 - PRODUCCIÓN, PUBLICACIÓN, DISTRIBUCIÓN, FABRICACIÓN Y COPYRIGHT
Producción, publicación, distribución, fabricación y copyright Chapingo, México :
Nombre del de productor, editor, distribuidor, fabricante El autor,
Fecha de producción, publicación, distribución, fabricación o copyright 2024.
300 ## - DESCRIPCIÓN FÍSICA
Extensión 1 recurso en línea (54 páginas):
Otras características físicas figuras, tablas.
336 ## - TIPO DE CONTENIDO
Fuente rdacontent
Término de tipo de contenido texto
Código de tipo de contenido txt
337 ## - TIPO DE MEDIO
Fuente rdamedia
Nombre/término del tipo de medio computadora
Código del tipo de medio c
338 ## - TIPO DE SOPORTE
Fuente rdacarrier
Nombre/término del tipo de soporte recurso en línea
Código del tipo de soporte cr
502 ## - NOTA DE TESIS
Tipo de título Ingeniero Agrónomo Especialista en Zootecnia
Nombre de la institución que otorga el título Departamento de Enseñanza, Investigación y Servicio en Zootecnia,
Año de obtención del título 2024.
Información miscelánea Licenciatura
504 ## - NOTA DE BIBLIOGRAFÍA, ETC.
Nota de bibliografía, etc. Incluye referencias bibliográficas: páginas 50-54.
520 ## - SUMARIO, ETC.
Sumario, etc. En los últimos años se han realizado diversos estudios del cambio climático asociado con las actividades humanas. Existe un creciente interés entre científicos, políticos y líderes de gobierno, en la recolección de datos sobre el almacenamiento de carbono en diferentes cultivos, como Jatropha curcas, la cual se ha estudiado por el potencial de sus semillas para producir biodiesel como sustituto de combustibles fósiles. El presente trabajo tuvo como objetivo caracterizar la incidencia de los factores ambientales en el cultivo de Jatropha curcas L, reflejado en el desarrollo y calidad de frutos, en la península de Yucatán. Así como cuantificar el desarrollo y calidad de fruto de tres variedades de J. curcas cultivadas bajo dos sistemas diferentes. Se encontró que no hay diferencias significativas entre las tres variedades de J. curcas para número de frutos y total de semillas, peso fresco de semilla, así como para peso fresco de la cascarilla. Sin embargo, la variedad Doña Aurelia presentó más del 50% del peso fresco que el resto de las variedades (Gran Victoria y Don Rafael). En cuanto a susceptibilidad de enfermedades solo la variedad Doña Aurelia manifestó presencia de hongos. Para número de hojas y altura de copa se encontraron diferencias estadísticas significativas en plantas tratadas con riego y sin sombra desarrollando el mayor número de hojas (2.9) en comparación con las plantas tratadas con riego y con sombra. Teniendo mayor influencia la presencia de riego que la presencia de malla en el desarrollo de la plantación. Mientras que para altura de copa el tratamiento que mayor favoreció fue sin riego/con sombra (1.07 m). En la variable biomasa total y carbono se encontraron diferencias estadísticas significativas en la interacción de plantas tratadas con riego y con sombra las plantas que mayor biomasa presentaron fueron las tratadas con riego/sin sombra (2.9 kg) mientras que para carbono el mayor resultado lo presentaron plantas tratadas sin riego y con sombra. De acuerdo con los resultados no se ve favorecido algún tratamiento, esto puede ser atribuido a la condición silvestre de la especie en proceso de domesticación.
650 #4 - PUNTO DE ACCESO ADICIONAL DE MATERIA--TÉRMINO DE MATERIA
Término de materia o nombre geográfico como elemento de entrada Jatropha curcas
Subdivisión general Rendimiento
9 (RLIN) 126168
650 #4 - PUNTO DE ACCESO ADICIONAL DE MATERIA--TÉRMINO DE MATERIA
Término de materia o nombre geográfico como elemento de entrada Jatropha curcas
Subdivisión general Fisiología y morfología
9 (RLIN) 135371
650 #4 - PUNTO DE ACCESO ADICIONAL DE MATERIA--TÉRMINO DE MATERIA
Término de materia o nombre geográfico como elemento de entrada Jatropha curcas
Subdivisión general Semillas
-- Crecimiento
9 (RLIN) 132993
700 1# - PUNTO DE ACCESO ADICIONAL--NOMBRE DE PERSONA
Nombre de persona Acuayte Valdes, Erik
9 (RLIN) 751
Término indicativo de función/relación Director de tesis.
700 1# - PUNTO DE ACCESO ADICIONAL--NOMBRE DE PERSONA
Nombre de persona Barrientos Priego, Alejandro F.
9 (RLIN) 10489
Término indicativo de función/relación Secretario
700 1# - PUNTO DE ACCESO ADICIONAL--NOMBRE DE PERSONA
Nombre de persona Pérez Mercado, Claudio Arturo
9 (RLIN) 189067
Término indicativo de función/relación Vocal.
700 1# - PUNTO DE ACCESO ADICIONAL--NOMBRE DE PERSONA
Nombre de persona Sierra García, Azucena
9 (RLIN) 134500
Término indicativo de función/relación Suplente.
700 1# - PUNTO DE ACCESO ADICIONAL--NOMBRE DE PERSONA
Nombre de persona Ayala Arreola, Juan
9 (RLIN) 8915
Término indicativo de función/relación Suplente.
856 ## - LOCALIZACIÓN Y ACCESO ELECTRÓNICOS
Identificador Uniforme del Recurso http://10.13.5.2/tesis/tl/9710116-7_BRAVO_CALDERON_IVANALBERTO.pdf
Nota pública DESCARGAR PDF
942 ## - ELEMENTOS DE PUNTO DE ACCESO ADICIONAL (KOHA)
Fuente del sistema de clasificación o colocación Clasificación Universidad Autónoma Chapingo
Tipo de ítem Koha Tesis digital
Holdings
Estado de retiro Estado de pérdida Fuente del sistema de clasificación o colocación Estado dañado Restricciones de uso No para préstamo Código de colección Localización permanente Ubicación/localización actual Ubicación en estantería Fecha de adquisición Total de préstamos Signatura topográfica completa Fecha visto por última vez Precio válido a partir de Tipo de ítem Koha
    Clasificación Universidad Autónoma de Chapingo   Préstamo interno   Tesis digitales de Licenciatura Biblioteca Digital Biblioteca Digital En línea 17/09/2024   Tesis digital 17/09/2024 17/09/2024 Tesis digital